000 00705nam a22002537a 4500
001 BR9504602
003 BR-BrBNA
005 20230928094631.0
007 ta
008 230509b bl.||||| |||| 00| 0 por d
040 _aBR-BrBNA
_bpor
_cBiblioteca Nacional de Agricultura
041 _a(Por)
072 _aC20
090 _ C20 BR9504602
100 1 _aJungmann, B.P.
245 1 _aDiagnostico de utilizacao e funcionamento dos recursos e meios de comunicacao produzidos pela EMATER/SC - ACARESC
260 3 _aFlorianopolis, SC (Brasil):
_c1985.
300 _a74 p.
650 _aComunicacao
650 _aRadio
650 _aTelevisao
909 _a202309
_bLucia
_c55
_dLucia Elande
942 _cBK
999 _c51775
_d51775